[Event "Petroupoli ASOP Dias Seniors op"]
[Site "Petroupoli"]
[Date "2013.11.09"]
[Round "7.9"]
[White "Spanos, Athanasios Ch"]
[Black "Diamandis, Georgios"]
[Result "1-0"]
[WhiteElo "1649"]
[BlackElo "1751"]
[PlyCount "55"]
[EventDate "2013.09.28"]
[EventType "swiss"]
[EventRounds "7"]
[EventCountry "GRE"]
[SourceTitle "EXT 2024"]
[Source "ChessBase"]
[SourceDate "2023.10.10"]
[SourceVersion "1"]
[SourceVersionDate "2023.10.10"]
[SourceQuality "1"]

1. e4 c6 2. d4 d5 3. e5 Bf5 4. Nf3 e6 5. Be2 Nd7 6. 0-0 Be7 7. h3 g5 8. Nh2 c5 9. c3 Qb6 10. Kh1 Rc8 11. f4 gxf4 12. Rxf4 cxd4 13. cxd4 Bg5 14. Nc3 Bxf4 15. Bxf4 Qxb2 16. Nb5 Rc6 17. Nf3 Ne7 18. Nd6+ Kf8 19. Nxf5 Nxf5 20. Rb1 Qxa2 21. Rxb7 Rb6 22. Rxd7 Rb1 23. Bc1 Ng3+ 24. Kh2 Nxe2 25. Ba3+ Kg7 26. Qa4 Qa1 27. Rxf7+ Kg6 28. Rf6+ 1-0